00493nam a2200193Ia 4500008004100000020001800041050001400059100001700073245002700090245004900117260001300166260002900179260000900208300001500217300002200232300001000254440002700264500000800291170918s9999 xx 000 0 und d a9780746079973 bL131 2004 aLacey, Minna aChristopher Columbus / cby Minna Lacey ; illustrated by David Cuzik. aLondon : bUsborne Publishing Ltd., c2004 a64 pages : bchiefly colored ; c20cm. aUsborne young reading. a830